| 000 | 01231nam a2200313 a 4500 | ||
|---|---|---|---|
| 001 | ebr10660589 | ||
| 003 | CaPaEBR | ||
| 006 | m u | ||
| 007 | cr cn||||||||| | ||
| 008 | 130225s2012 enka sb 001 0 eng d | ||
| 010 | _z 2012538778 | ||
| 020 | _z111847810X | ||
| 020 | _z9781118478103 | ||
| 020 | _z9781118478110 (e-book) | ||
| 040 |
_aCaPaEBR _cCaPaEBR |
||
| 035 | _a(OCoLC)834545764 | ||
| 050 | 1 | 4 |
_aHF5386 _b.K56 2012eb |
| 100 | 1 | _aKingdon, Matt. | |
| 245 | 1 | 4 |
_aThe science of serendipity _h[electronic resource] : _bhow to unlock the promise of innovation in large organisations / _cMatt Kingdon. |
| 260 |
_aChichester : _bWiley, _cc2012. |
||
| 300 |
_avii, 246 p. : _bill. (chiefly col.) |
||
| 504 | _aIncludes bibliographical references and index. | ||
| 533 |
_aElectronic reproduction. _bPalo Alto, Calif. : _cebrary, _d2013. _nAvailable via World Wide Web. _nAccess may be limited to ebrary affiliated libraries. |
||
| 650 | 0 | _aSuccess in business. | |
| 650 | 0 | _aCreative ability in business. | |
| 655 | 7 |
_aElectronic books. _2local |
|
| 710 | 2 | _aebrary, Inc. | |
| 856 | 4 | 0 |
_uhttp://site.ebrary.com/lib/rucke/Doc?id=10660589 _zAn electronic book accessible through the World Wide Web; click to view |
| 999 |
_c67877 _d67877 |
||